<?xml version="1.0" encoding="UTF-8"?>
<record
    xmlns:xsi="http://www.w3.org/2001/XMLSchema-instance"
    xsi:schemaLocation="http://www.loc.gov/MARC21/slim http://www.loc.gov/standards/marcxml/schema/MARC21slim.xsd"
    xmlns="http://www.loc.gov/MARC21/slim">

  <leader>02868nam a2200373   4500</leader>
  <controlfield tag="001">ESSALUD</controlfield>
  <controlfield tag="005">20260702124026.0</controlfield>
  <controlfield tag="007">ta</controlfield>
  <controlfield tag="008">      t        pe ||||| |||| 00| 0 spa d</controlfield>
  <datafield tag="040" ind1=" " ind2=" ">
    <subfield code="a">BMG</subfield>
  </datafield>
  <datafield tag="041" ind1=" " ind2=" ">
    <subfield code="a">spa</subfield>
  </datafield>
  <datafield tag="100" ind1=" " ind2=" ">
    <subfield code="a">Tarazana Pineda, Manolo Narciso </subfield>
    <subfield code="e">Autor</subfield>
    <subfield code="9">53135</subfield>
  </datafield>
  <datafield tag="245" ind1=" " ind2=" ">
    <subfield code="a">Impacto laboral del incremento de la UIT en el a&#xF1;o 2026</subfield>
  </datafield>
  <datafield tag="246" ind1=" " ind2=" ">
    <subfield code="a">Labor impact of the increase in the UIT in 2026</subfield>
  </datafield>
  <datafield tag="300" ind1=" " ind2=" ">
    <subfield code="a">p&#xE1;ginas 67-78</subfield>
  </datafield>
  <datafield tag="520" ind1=" " ind2=" ">
    <subfield code="a">En el presente informe se desarrollan las principales implicancias laborales
derivadas del incremento de la Unidad Impositiva Tributaria (UIT) para el a&#xF1;o 2026,
fijada en S/ 5,500.00, examinando su incidencia en aspectos re levantes como la remuneraci&#xF3;n
integral anual, la inembargabilidad de las remuneraciones, el cobro de beneficios
laborales mediante poder, la determinaci&#xF3;n del r&#xE9;gimen de la micro y peque&#xF1;a
empresa, la exclusi&#xF3;n del r&#xE9;gimen de construcci&#xF3;n civil, la intermediaci&#xF3;n laboral y la
aplicaci&#xF3;n de multas por la autoridad inspectiva de trabajo. Asimismo, se abordan los
efectos del nuevo valor de la UIT en materia procesal laboral, seguridad social y retenci&#xF3;n
del Impuesto a la Renta de quinta categor&#xED;a, con la finalidad de brindar un marco
t&#xE9;cnico que facilite el adecuado cumplimiento de las obligaciones laborales y conexas.
</subfield>
  </datafield>
  <datafield tag="520" ind1=" " ind2=" ">
    <subfield code="a">This report examines the main labour-related implications arising from the increase in the
Tax Unit (Unidad Impositiva Tributaria &#x2013; UIT) far the year 2026, set at 5/ 5,500.00, analyzing its impact
on relevant aspects such as the annual comprehensive remuneration, the non-attachability of wages,
the collection of labour benefits through powers of attorney, the determination of the micro and small
enterprise regime, the exclusion from the civil construction regime, labour intermediation, and the
application of fines by the labour inspection authority. lt also addresses the effects of the new UIT
value in the fields of labour procedural law, social security, and the withholding of fifth-category
income tax, with the aim of providing a technical framework that facilitates proper compliance with
labour and related abligations.
</subfield>
  </datafield>
  <datafield tag="650" ind1=" " ind2=" ">
    <subfield code="a">UNIDAD IMPOSITIVA TRIBUTARIA</subfield>
    <subfield code="9">53136</subfield>
  </datafield>
  <datafield tag="650" ind1=" " ind2=" ">
    <subfield code="a">MULTAS LABORALES</subfield>
    <subfield code="9">53137</subfield>
  </datafield>
  <datafield tag="650" ind1=" " ind2=" ">
    <subfield code="a">INCREMENTO</subfield>
    <subfield code="9">53138</subfield>
  </datafield>
  <datafield tag="650" ind1=" " ind2=" ">
    <subfield code="a">INCIDENCIA</subfield>
    <subfield code="9">42986</subfield>
  </datafield>
  <datafield tag="650" ind1=" " ind2=" ">
    <subfield code="a">REG&#xCD;MENES</subfield>
    <subfield code="9">53139</subfield>
  </datafield>
  <datafield tag="650" ind1=" " ind2=" ">
    <subfield code="a">PROCESO</subfield>
    <subfield code="9">4080</subfield>
  </datafield>
  <datafield tag="650" ind1=" " ind2=" ">
    <subfield code="a">CUANT&#xCD;A </subfield>
    <subfield code="9">53140</subfield>
  </datafield>
  <datafield tag="650" ind1=" " ind2=" ">
    <subfield code="a">TAX UNIT (UIT) </subfield>
    <subfield code="9">53141</subfield>
  </datafield>
  <datafield tag="650" ind1=" " ind2=" ">
    <subfield code="a">LABOUR FINES</subfield>
    <subfield code="9">53142</subfield>
  </datafield>
  <datafield tag="650" ind1=" " ind2=" ">
    <subfield code="a">INCREASE</subfield>
    <subfield code="9">53143</subfield>
  </datafield>
  <datafield tag="650" ind1=" " ind2=" ">
    <subfield code="a">IMPACT</subfield>
    <subfield code="9">53144</subfield>
  </datafield>
  <datafield tag="650" ind1=" " ind2=" ">
    <subfield code="a">REGIMES</subfield>
    <subfield code="9">53145</subfield>
  </datafield>
  <datafield tag="650" ind1=" " ind2=" ">
    <subfield code="a">PROCEDURE</subfield>
    <subfield code="9">53146</subfield>
  </datafield>
  <datafield tag="650" ind1=" " ind2=" ">
    <subfield code="a">AMOUNT</subfield>
    <subfield code="9">53147</subfield>
  </datafield>
  <datafield tag="773" ind1="0" ind2=" ">
    <subfield code="0">22614</subfield>
    <subfield code="9">22623</subfield>
    <subfield code="d">Lima Grupo Praxis Formaci&#xF3;n Profesional, 2026-</subfield>
    <subfield code="o">PRALAB001</subfield>
    <subfield code="t">Praxis Laboral &amp; Procesal Laboral</subfield>
    <subfield code="w">ESSALUD</subfield>
    <subfield code="x">3119-768X</subfield>
  </datafield>
  <datafield tag="942" ind1=" " ind2=" ">
    <subfield code="c">ARTICULOS</subfield>
    <subfield code="e">2026-07-02</subfield>
    <subfield code="z">SQB</subfield>
  </datafield>
  <datafield tag="999" ind1=" " ind2=" ">
    <subfield code="c">22618</subfield>
    <subfield code="d">22618</subfield>
  </datafield>
</record>
